000 01033nam a2200289 a 4500
001 25145
003 CO-ViMGA
005 20230915232044.0
008 141112s2004 ck r 000 u spa d
020 _a9788445820346
035 _aAGG6792 LA
040 _aCO-ViMGA
_bspa
_cCO-ViMGA
041 _aspa
082 0 4 _a616.89 I57a
245 1 0 _aIntroducción a la psicopatología y la psiquiatría /
_cdirector J. Vallejo Ruiloba ; prólogo de C. Ballús Pascual
250 _a7a. ed.
260 _aBarcelona ; Bogotá :
_bEl Sevier Masson,
_c2011
300 _a648 p. : il. ; 24 cm.
504 _aIncluye bibliografías e índice.
650 1 4 _aPsiquiatría.
700 1 _aBulbena, Vilarrasa, Antonio
_938307
700 1 _aMenchón Magriña, José Manuel
_938308
700 1 _aVallejo Ruiloba, Julio, ed.
_938309
942 _2ddc
_cBK
949 _an n
999 _c32773
_d32773